[Event "SVK-ch U10 Girls"]
[Site "Lubovna"]
[Date "2013.04.11"]
[Round "7"]
[White "Taragelova, Martina"]
[Black "Nemergutova, Lenka"]
[Result "1-0"]
[WhiteElo "1057"]
[BlackElo "1000"]
[PlyCount "77"]
[EventDate "2013.04.06"]
[EventType "tourn"]
[EventRounds "9"]
[EventCountry "SVK"]
[SourceTitle "CBM 153 Extra"]
[Source "ChessBase"]
[SourceDate "2013.04.22"]
[SourceVersion "1"]
[SourceVersionDate "2013.04.22"]
[SourceQuality "1"]

1. e4 e5 2. Nf3 Nc6 3. Bc4 Nd4 4. Nxd4 exd4 5. 0-0 Nf6 6. d3 Bd6 7. Bg5 0-0 8. Qf3 h6 9. Bxf6 gxf6 10. Qg4+ Kh7 11. f4 Rg8 12. Qf3 b6 13. Bxf7 Rg7 14. Bd5 Rb8 15. e5 fxe5 16. fxe5 Bxe5 17. Qf5+ Kh8 18. Qxe5 Qg5 19. Qxg5 Rxg5 20. Nd2 Rxd5 21. Rf4 Bb7 22. Nf3 Rb5 23. b3 Bxf3 24. Rxf3 Re8 25. Raf1 Rbe5 26. Rf8+ Rxf8 27. Rxf8+ Kg7 28. Rf4 Re2 29. Rxd4 Rxc2 30. Rxd7+ Kf8 31. Rd4 Rb2 32. b4 Rb1+ 33. Kf2 Ra1 34. b5 c5 35. bxc6 Rc1 36. Rc4 Rxc4 37. dxc4 Ke8 38. Ke3 a6 39. Kd4 1-0